Introduction to JAVA programming : (Record no. 15156)
[ view plain ]
| 000 -LEADER | |
|---|---|
| fixed length control field | 01102nam a22003255i 4500 |
| 003 - CONTROL NUMBER IDENTIFIER | |
| control field | EG-ScBUE |
| 005 - DATE AND TIME OF LATEST TRANSACTION | |
| control field | 20201019133153.0 |
| 008 - FIXED-LENGTH DATA ELEMENTS--GENERAL INFORMATION | |
| fixed length control field | 090527t20112011njua f b 001 0 eng d |
| 020 ## - INTERNATIONAL STANDARD BOOK NUMBER | |
| International Standard Book Number | 0132472759 |
| 020 ## - INTERNATIONAL STANDARD BOOK NUMBER | |
| International Standard Book Number | 9780132472753 |
| 035 ## - SYSTEM CONTROL NUMBER | |
| System control number | (OCoLC)ocm69734610 |
| 040 ## - CATALOGING SOURCE | |
| Original cataloging agency | EG-ScBuE |
| Language of cataloging | eng |
| Description conventions | rda |
| Transcribing agency | EG-ScBuE |
| Modifying agency | EG-ScBuE |
| 082 04 - DEWEY DECIMAL CLASSIFICATION NUMBER | |
| Classification number | 005.133 |
| Item number | LIA |
| Edition number | 22 |
| 100 1# - MAIN ENTRY--PERSONAL NAME | |
| Personal name | Liang, Y. Daniel, |
| Relator term | author. |
| 9 (RLIN) | 5393 |
| 245 10 - TITLE STATEMENT | |
| Title | Introduction to JAVA programming : |
| Remainder of title | comprehensive version / |
| Statement of responsibility, etc | Y. Daniel Liang, Armstrong Atlantic State University. |
| 246 30 - VARYING FORM OF TITLE | |
| Title proper/short title | JAVA programming |
| 250 ## - EDITION STATEMENT | |
| Edition statement | Eighth edition. |
| 250 ## - EDITION STATEMENT | |
| Edition statement | International edition. |
| 264 #1 - PUBLICATION, DISTRIBUTION, ETC. (IMPRINT) | |
| Place of publication, distribution, etc | Upper Saddle River, New Jersey : |
| Name of publisher, distributor, etc | Pearson Education, |
| Date of publication, distribution, etc | [2011] |
| 264 #4 - PUBLICATION, DISTRIBUTION, ETC. (IMPRINT) | |
| Date of publication, distribution, etc | c2011 |
| 300 ## - PHYSICAL DESCRIPTION | |
| Extent | 1366 pages : |
| Other physical details | illustrations ; |
| Dimensions | 26 cm |
| 336 ## - CONTENT TYPE | |
| Content type term | text |
| Content type code | txt |
| Source | rdacontent |
| 337 ## - MEDIA TYPE | |
| Media type term | unmediated |
| Media type code | n |
| Source | rdamedia |
| 338 ## - CARRIER TYPE | |
| Carrier type term | volume |
| Carrier type code | nc |
| Source | rdacarrier |
| 504 ## - BIBLIOGRAPHY, ETC. NOTE | |
| Bibliography, etc | Includes bibliographical references and index. |
| 650 #4 - SUBJECT ADDED ENTRY--TOPICAL TERM | |
| Topical term or geographic name as entry element | Java (Computer program language) |
| Source of heading or term | BUEsh |
| 9 (RLIN) | 5394 |
| 651 ## - SUBJECT ADDED ENTRY--GEOGRAPHIC NAME | |
| Source of heading or term | BUEsh |
| 653 ## - INDEX TERM--UNCONTROLLED | |
| Resource For college | Informatics and Computer Science |
| Arrived date list | August2015 |
| 942 ## - ADDED ENTRY ELEMENTS (KOHA) | |
| Koha item type | Book - Borrowing |
| Source of classification or shelving scheme | Dewey Decimal Classification |
| Withdrawn status | Lost status | Source of classification or shelving scheme | Damaged status | Not for loan | Collection code | Home library | Current library | Shelving location | Date acquired | Source of acquisition | Cost, normal purchase price | Total Checkouts | Full call number | Barcode | Date last seen | Date checked out | Koha item type | Total Renewals | Price effective from | Materials specified (bound volume or other part) | Cost, replacement price |
|---|---|---|---|---|---|---|---|---|---|---|---|---|---|---|---|---|---|---|---|---|---|
| Dewey Decimal Classification | Baccah | Central Library | Central Library | Lower Floor | 20/04/2011 | 180.00 | 2 | 005.133 LIA | 000023320 | 28/09/2025 | 10/01/2013 | NB - Book (Non borrowing) | |||||||||
| Dewey Decimal Classification | Baccah | Central Library | Central Library | Lower Floor | 20/04/2011 | 180.00 | 11 | 005.133 LIA | 000023321 | 15/07/2025 | 15/02/2016 | Book - Borrowing | 136 | ||||||||
| Dewey Decimal Classification | Baccah | Central Library | Central Library | Lower Floor | 20/04/2011 | 180.00 | 6 | 005.133 LIA | 000023322 | 15/07/2025 | 15/02/2016 | Book - Borrowing | 66 | 20/04/2011 | |||||||
| Dewey Decimal Classification | Baccah | Central Library | Central Library | Lower Floor | 20/04/2011 | 180.00 | 7 | 005.133 LIA | 000023323 | 15/07/2025 | 24/02/2016 | Book - Borrowing | 111 | 20/04/2011 | |||||||
| Dewey Decimal Classification | Baccah | Central Library | Central Library | Lower Floor | 20/04/2011 | 180.00 | 4 | 005.133 LIA | 000023325 | 15/07/2025 | 14/02/2016 | Book - Borrowing | 33 | 20/04/2011 | |||||||
| Lost | Dewey Decimal Classification | Baccah | Central Library | Central Library | Lower Floor | 20/04/2011 | 180.00 | 8 | 005.133 LIA | 000023324 | 09/11/2014 | 30/10/2014 | Book - Borrowing | 34 | Lost In Inventory_2005-2015/8/22 | ||||||
| Dewey Decimal Classification | Baccah | Central Library | Central Library | Lower Floor | 04/03/2012 | 180.00 | 5 | 005.133 LIA | 000026280 | 15/07/2025 | 15/02/2016 | Book - Borrowing | 30 | 225.00 | |||||||
| Dewey Decimal Classification | Baccah | Central Library | Central Library | Lower Floor | 04/03/2012 | 180.00 | 9 | 005.133 LIA | 000026281 | 15/07/2025 | 03/03/2018 | Book - Borrowing | 72 | ||||||||
| Dewey Decimal Classification | Baccah | Central Library | Central Library | Lower Floor | 04/03/2012 | 180.00 | 5 | 005.133 LIA | 000026282 | 15/07/2025 | 05/02/2018 | Book - Borrowing | 55 | 04/03/2012 | |||||||
| Dewey Decimal Classification | Baccah | Central Library | Central Library | Lower Floor | 04/03/2012 | 180.00 | 7 | 005.133 LIA | 000026283 | 15/07/2025 | 09/04/2016 | Book - Borrowing | 43 |